TV Debuts: 1997 Quiz Stats

 Plays Quiz Updated Nov 25, 2013

Support Sporcle.
Go Orange.
Score 0/15 Timer 04:00
0 Plays Today
% Correct
South Park
97.2%
Buffy the Vampire Slayer
85.6%
Teletubbies
85.2%
King of the Hill
85%
Ally McBeal
76.1%
Dharma and Greg
75.7%
Win Ben Stein's Money
59.7%
Daria
59.5%
% Correct
Just Shoot Me
52.8%
The View
51.4%
Cow and Chicken
47.1%
Veronica's Closet
30.6%
The Practice
28.2%
Oz
23%
La Femme Nikita
10.3%

You're not logged in!

Compare scores with friends on all Sporcle quizzes.
OR
Log In
Forgot?

From the Vault

Mis-Matched Bands & Solo Artists

by stevenmiller61

A Jackson/McCartney mash-up sounds like a great idea.
Remove Ads.
Support Sporcle.
Get the best of Sporcle when you Go Orange. This ad-free experience offers more features, more stats, and more fun while also helping to support Sporcle. Thank you for becoming a member.

Show Comments

Extras

Top Quizzes Today


Score Distribution

Your Account Isn't Verified!

In order to create a playlist on Sporcle, you need to verify the email address you used during registration. Go to your Sporcle Settings to finish the process.

Report this User

Report this user for behavior that violates our Community Guidelines.

Details: